01065nas a2200229Ia 4500001001100000003000900011008004100020040001300061040001300074041001300087100004700100210004300147222004300190245012500233250001100358260004400369501008600413300001700499362001700516500026600533650003600799R042/67635IT-RoPAU151124c99999999xx |||||||||||| ||und|| aIT-RoPAU cIT-RoPAU aITALIANO aGirotti GiuseppegCodice Aut. SPICS: 39202 aIKON-REVUE INTERNATIONAL DE FILMOLOGIE aIkon-Revue International De Filmologie aIKON-REVUE INTERNATIONALE DE FILMOLOGIE (N.059-1966)bEffetti di Contesto Sulle Qualita' Espressive di Serie di Immagini a1a ed. aMILANObISTITUTO AGOSTINO GEMELLIc1966 bPaulus - SPICS - Società San Paolo EM (non-commercial uses only)cCopyright2015 a54 p. [9-62] a(N.059-1966) aPercezione di Qualità Espressive Fisionomiche. Ricerche Sull'Identificazione dell'Espressione Emotiva. Dimensioni Fondamentali dell'Espressività. Qualità Espressive dell'Ambiente. Effetti Do Contesto e Livello di Adattamento. Ricerca e Analisi dei Risulta aCINEMAvPUBBLICAZIONE PERIODICA